| 000 | 00393nam a2200121Ia 4500 | ||
|---|---|---|---|
| 008 | 160319s9999 xx 000 0 und d | ||
| 245 | _aStonyhurst Southville International School Closing Program (Amazing Musicals) / | ||
| 245 | _cStonyhurst Southville International School Batangas. | ||
| 260 | _c2015 | ||
| 300 | _a1 videodisc : | ||
| 300 | _bdigital, sound, color ; | ||
| 300 | _c4 3/4 in. | ||
| 999 |
_c292833 _d292833 |
||